|
|
|
|
| LEADER |
02686nam a2200697 4500 |
| 001 |
ocn886652965 |
| 003 |
OCoLC |
| 005 |
20170124070203.4 |
| 006 |
m o d |
| 007 |
cr cnu|||unuuu |
| 008 |
140813s2014 enk ob 001 0 eng d |
| 040 |
|
|
|a DG1
|b eng
|e rda
|e pn
|c DG1
|d IDEBK
|d EBLCP
|d CDX
|d E7B
|d YDXCP
|d N$T
|d OCLCQ
|d RECBK
|d OCLCF
|d OCLCO
|d DEBSZ
|d TEFOD
|d COO
|d DG1
|d GrThAP
|
| 019 |
|
|
|a 883892261
|a 890720314
|a 961582952
|a 962702760
|
| 020 |
|
|
|a 9781118984390
|q electronic bk.
|
| 020 |
|
|
|a 1118984390
|q electronic bk.
|
| 020 |
|
|
|a 1306958369
|q electronic bk.
|
| 020 |
|
|
|a 9781306958363
|q electronic bk.
|
| 020 |
|
|
|a 9781118984369
|q electronic bk.
|
| 020 |
|
|
|a 1118984366
|q electronic bk.
|
| 020 |
|
|
|a 9781118984376
|q electronic bk.
|
| 020 |
|
|
|a 1118984374
|q electronic bk.
|
| 020 |
|
|
|z 9781848216853
|
| 020 |
|
|
|z 1848216858
|
| 024 |
7 |
|
|a 10.1002/9781118984390
|2 doi
|
| 029 |
1 |
|
|a AU@
|b 000053548428
|
| 029 |
1 |
|
|a NZ1
|b 15753500
|
| 029 |
1 |
|
|a NZ1
|b 15907011
|
| 029 |
1 |
|
|a CHVBK
|b 334089689
|
| 029 |
1 |
|
|a CHBIS
|b 010442125
|
| 029 |
1 |
|
|a DEBSZ
|b 431723753
|
| 029 |
1 |
|
|a DEBBG
|b BV042141866
|
| 035 |
|
|
|a (OCoLC)886652965
|z (OCoLC)883892261
|z (OCoLC)890720314
|z (OCoLC)961582952
|z (OCoLC)962702760
|
| 037 |
|
|
|a 627087
|b MIL
|
| 037 |
|
|
|a E67FE791-AA86-452C-8CBF-6B497C865A1F
|b OverDrive, Inc.
|n http://www.overdrive.com
|
| 050 |
|
4 |
|a TA167
|
| 072 |
|
7 |
|a TEC
|x 009000
|2 bisacsh
|
| 072 |
|
7 |
|a TEC
|x 035000
|2 bisacsh
|
| 082 |
0 |
4 |
|a 620.82
|2 23
|
| 049 |
|
|
|a MAIN
|
| 245 |
0 |
0 |
|a Designing human-machine cooperation systems /
|c edited by Patrick Millot.
|
| 264 |
|
1 |
|a London :
|b ISTE, Ltd. ;
|a Hoboken, NJ :
|b Wiley,
|c 2014.
|
| 300 |
|
|
|a 1 online resource.
|
| 336 |
|
|
|a text
|b txt
|2 rdacontent
|
| 337 |
|
|
|a computer
|b c
|2 rdamedia
|
| 338 |
|
|
|a online resource
|b cr
|2 rdacarrier
|
| 490 |
1 |
|
|a Control, systems and industrial engineering series
|
| 504 |
|
|
|a Includes bibliographical references and index.
|
| 588 |
0 |
|
|a Print version record.
|
| 650 |
|
0 |
|a Human-machine systems
|x Design.
|
| 650 |
|
0 |
|a Human engineering.
|
| 650 |
|
7 |
|a TECHNOLOGY & ENGINEERING
|x Engineering (General)
|2 bisacsh
|
| 650 |
|
7 |
|a TECHNOLOGY & ENGINEERING
|x Reference.
|2 bisacsh
|
| 650 |
|
7 |
|a Human engineering.
|2 fast
|0 (OCoLC)fst00963014
|
| 650 |
|
7 |
|a Human-machine systems
|x Design.
|2 fast
|0 (OCoLC)fst00963502
|
| 655 |
|
4 |
|a Electronic books.
|
| 655 |
|
0 |
|a Electronic books.
|
| 700 |
1 |
|
|a Millot, Patrick,
|e editor.
|
| 776 |
0 |
8 |
|i Print version:
|t Designing human-machine cooperation systems
|z 9781848216853
|w (OCoLC)884550456
|
| 830 |
|
0 |
|a Control, systems and industrial engineering series.
|
| 856 |
4 |
0 |
|u https://doi.org/10.1002/9781118984390
|z Full Text via HEAL-Link
|
| 994 |
|
|
|a 92
|b DG1
|